Magic Or Larry? - Statistics

General Stats
  • This quiz has been taken 6 times
  • The average score is 12 of 15
Answer Stats
Hint Answer % Correct
Worked as a garbage man for a short time Larry Bird
100%
Was a well known three point shooter Larry Bird
100%
Was a coach of the year Larry Bird
100%
Drafted 1st in 1979 Magic Johnson
100%
Scored the most triple doubles when he retired at the time Magic Johnson
100%
Has the playoff record for most assists a game Magic Johnson
100%
Has HIV Magic Johnson
100%
Actual name is Ervin Magic Johnson
100%
12 time all-star Larry Bird
80%
NCAA Champion in 1979 Magic Johnson
80%
Is ambidextrous Larry Bird
60%
Won 3 consecutive MVPs Larry Bird
60%
3 Time NBA champion Larry Bird
60%
Was awarded a medal by the president Magic Johnson
60%
Can play any position on the court Magic Johnson
40%
No matching quizzes found
Score Distribution
Percent of People with Each Score
Percentile by Number Answered
Your Score History
You have not taken this quiz